|
|
|
|
| LEADER |
00668nta a2200181 i 4500 |
| 001 |
dokt3486 |
| 005 |
20240903112545.0 |
| 008 |
170114s1976 hu om 000 hun d |
| 040 |
|
|
|a SZTE Doktori Repozitórium
|b hun
|
| 041 |
|
|
|a hun
|
| 100 |
2 |
|
|a Hegedűs T. András
|
| 245 |
1 |
0 |
|a Adatok a 0-2 éves kori pszichomotoros retardáció biodemográfiai és szociális hátteréhez
|h [elektronikus dokumentum] /
|c Hegedűs T. András
|
| 260 |
|
|
|c 1976
|
| 502 |
|
|
|a Disszertacio
|
| 650 |
|
4 |
|a pszichológiai tudományok
|
| 650 |
|
4 |
|a Pszichológia
|
| 700 |
0 |
1 |
|a Nincs megadva
|e ths
|
| 856 |
4 |
0 |
|u https://doktori.bibl.u-szeged.hu/id/eprint/3486/1/1976_hegedus_t_andras.pdf
|z Dokumentum-elérés
|